000 01220aam a2200313 i 4500
999 _c45648
_d45648
001 768714001
003 CO-MdFUSB
005 20200511185154.0
007 ta
008 200511t1912 enk |||| |||| 00| 0 eng d
020 _a[No incluye ISBN]
040 _bspa.
_aCO-MdFUSB
_cCO-MdFUSB
_dCO-MdFUSBC
_erda
041 _aeng
082 _223
_a270.1
_bT945
100 1 _aTurner, Cuthbert Hamilton
_eautor
245 1 0 _aStudies in early church history :
_bcollected papers
_c/ Cuthbert Hamilton Turner
264 1 _aOxford, Inglaterra :
_bThe Clarendon Press,
_c[1912]
264 4 _c© 1912
300 _axii, 276 páginas
_c; 23 cm
336 _atexto
_btxt
_2rdacontent
337 _2rdamedia
_asin mediación
_bn
338 _2rdacarrier
_avolumen
_bnc
505 _aPrincipios del ministerio cristiano y la didache - Organización de la iglesia antigua y moderna - La correspondencia de San Cipriano - Primeras crónicas de la iglesia occidental - San Pablo en Asia Menor - San Juan en Asia Menor: El apocalípsis - La epístola de San Clemente y la temprana iglesia románica
563 _aPasta dura
650 0 _9153
_aHistoria de la Iglesia
942 _cBK
945 _aJTF-925